Multiple Choice City Quiz – Minneapolis - Statistics

General Stats
  • This quiz has been taken 9,669 times
  • The average score is 7 of 10
Answer Stats
Question Answer % Correct
Whose death in Minneapolis in 2020 sparked nationwide protests? George Floyd
96%
What is the "Twin City" of Minneapolis? St. Paul
89%
Which of these musicians was born in Minneapolis? Prince
77%
Compared to other parts of the U.S., Minneapolis has a high percentage of people of ______ descent. Scandinavian
77%
What world-renowned medical center is based in the nearby city of Rochester? Mayo Clinic
66%
What river separates Minneapolis from the above? Mississippi
66%
What two industries did Minneapolis dominate in the late 1800s? Lumber and flour milling
64%
What major retailer is based in Minneapolis? Target
62%
What controversial congressperson represents Minneapolis in the U.S. House of Representatives? Ilhan Omar
57%
Who was born in Minneapolis, starred in the movie "Predator", and became a governor? Jesse Ventura
55%
No matching quizzes found
Score Distribution
Percent of People with Each Score
Percentile by Number Answered
Your Score History
You have not taken this quiz